00446nam a22001577a 4500008004100000020003500041041000800076080001000084245004600094250002000140260004800160300002500208505002100233650001400254700002000268150520b xxu||||| |||| 00| 0 eng d a0071151222 (international ed.)0 aeng a658.800aMarketing /cRoger A. Kerin ... [et al.]. aBotimi shtatë aBoston, Mass. :bMcGraw-Hill/Irwin,cc2003. a741 fbme ilc29 cm. aIndex:f. 714-741 0aMarketing1 aKerin, Roger A.